[Event "4.liga A22 2019/2020"]
[Site "?"]
[Date "2020.06.14"]
[Round "11.3"]
[White "Karel, Jozef"]
[Black "Cvirik, Vladimir"]
[Result "1-0"]
[WhiteElo "1686"]
[BlackElo "1851"]
[PlyCount "79"]
[EventDate "2019.10.13"]
[WhiteTeam "ŠK Obecný úrad Špačince"]
[BlackTeam "ŠK Šúrovce"]

1. e4 c5 2. Nf3 Nc6 3. d4 cxd4 4. Nxd4 g6 5. Nc3 Bg7 6. Be3 d6 7. Be2 Nf6 8.
O-O O-O 9. Qd2 Bd7 10. f4 Qc8 11. Bf3 Ne8 12. Rad1 Nxd4 13. Bxd4 Bc6 14. Bxg7
Nxg7 15. Nd5 Bxd5 16. exd5 Qc5+ 17. Kh1 Rac8 18. c3 Rc7 19. g4 f6 20. Kg2 Kf7
21. h3 h6 22. Rfe1 b5 23. Re3 a5 24. a3 f5 25. Rde1 fxg4 26. hxg4 h5 27. Qe2
Qa7 28. gxh5 Rh8 29. hxg6+ Kxg6 30. Be4+ Kf7 31. Qg4 Kf8 32. Bg6 e6 33. dxe6
Re7 34. f5 Qb7+ 35. Rf3 Ne8 36. f6 Nxf6 37. Qf5 Rf7 38. exf7 Qd5 39. Qxd5 Nxd5
40. Re8+ 1-0

[Event "4.liga A22 2019/2020"]
[Site "?"]
[Date "2020.06.14"]
[Round "11.3"]
[White "Karel, Branislav"]
[Black "Pinkas, Jan"]
[Result "1-0"]
[WhiteElo "1411"]
[BlackElo "1448"]
[PlyCount "65"]
[EventDate "2019.10.13"]
[WhiteTeam "ŠK Šúrovce"]
[BlackTeam "ŠK Obecný úrad Špačince"]

1. e4 e5 2. Nf3 Nc6 3. Bb5 a6 4. Ba4 Nf6 5. d3 h6 6. O-O b5 7. Bb3 d5 8. exd5
Nxd5 9. h3 Be6 10. Re1 Bd6 11. Nbd2 O-O 12. Ne4 f5 13. Nxd6 cxd6 14. c3 f4 15.
d4 Rf5 16. Qd3 Qf6 17. Qe4 Qf7 18. Bd2 Rc8 19. Rad1 Nf6 20. Qxf5 Bxf5 21. Bxf7+
Kxf7 22. dxe5 dxe5 23. Nxe5+ Nxe5 24. Rxe5 Be6 25. Bxf4 Rc4 26. Rd6 Bc8 27. Bc1
g5 28. f3 b4 29. Bd2 bxc3 30. Bxc3 Ng8 31. Kf2 Ne7 32. Rxh6 Ng6 33. Rxg5 1-0

[Event "4.liga A22 2019/2020"]
[Site "?"]
[Date "2020.06.14"]
[Round "11.5"]
[White "Meszaros, Lorant"]
[Black "Vegh, Vince"]
[Result "1/2-1/2"]
[WhiteElo "1922"]
[BlackElo "1916"]
[PlyCount "24"]
[EventDate "2019.10.13"]
[WhiteTeam "DSC Potôňska veža C"]
[BlackTeam "MĹ K Corvin VeÄľkĂ˝ Meder"]

1. d4 d5 2. c4 c6 3. Nc3 Nf6 4. Bf4 Bf5 5. e3 e6 6. Bd3 Bxd3 7. Qxd3 Bd6 8.
Bxd6 Qxd6 9. Nf3 Nbd7 10. O-O O-O 11. cxd5 exd5 12. h3 h6 1/2-1/2

[Event "4.liga A22 2019/2020"]
[Site "?"]
[Date "2020.06.14"]
[Round "11.5"]
[White "Szabo, Julius"]
[Black "Rozsas, Daniel"]
[Result "1/2-1/2"]
[WhiteElo "1631"]
[BlackElo "1654"]
[PlyCount "52"]
[EventDate "2019.10.13"]
[WhiteTeam "MĹ K Corvin VeÄľkĂ˝ Meder"]
[BlackTeam "DSC Potôňska veža C"]

1. e4 e5 2. Nf3 Nc6 3. Nc3 Nf6 4. d4 exd4 5. Nxd4 d6 6. g3 Bd7 7. Bg2 Be7 8.
O-O O-O 9. Re1 Re8 10. Nxc6 Bxc6 11. Nd5 Nxd5 12. exd5 Bd7 13. Be3 Bf6 14. c3
g6 15. Bh6 Bg7 16. Bxg7 Kxg7 17. Qd4+ Qf6 18. Qxf6+ Kxf6 19. Rxe8 Rxe8 20. Kf1
Bf5 21. Re1 Rxe1+ 22. Kxe1 Bd3 23. Kd2 Ba6 24. a3 b6 25. f4 Bc8 26. Bf3 h5
1/2-1/2

[Event "4.liga A22 2019/2020"]
[Site "?"]
[Date "2020.06.14"]
[Round "11.5"]
[White "Sido, Daniel"]
[Black "Korosi, Gejza"]
[Result "1-0"]
[WhiteElo "1564"]
[BlackElo "1639"]
[PlyCount "43"]
[EventDate "2019.10.13"]
[WhiteTeam "DSC Potôňska veža C"]
[BlackTeam "MĹ K Corvin VeÄľkĂ˝ Meder"]

1. e4 e5 2. Nf3 Nc6 3. Nc3 d6 4. d4 exd4 5. Nxd4 Nxd4 6. Qxd4 c5 7. Qd1 Nf6 8.
Bg5 g6 9. e5 dxe5 10. Qxd8+ Kxd8 11. Bxf6+ Ke8 12. Bxh8 b6 13. Bf6 Bb7 14. Rd1
Be7 15. Bxe7 Kxe7 16. Bb5 Bc8 17. Nd5+ Kf8 18. Nc7 Rb8 19. Rd8+ Ke7 20. Re8+
Kf6 21. Nd5+ Kg7 22. Ne7 1-0

[Event "4.liga A22 2019/2020"]
[Site "?"]
[Date "2020.06.14"]
[Round "11.5"]
[White "Pszota, Mate"]
[Black "Szabo, Viktor"]
[Result "1-0"]
[WhiteElo "1585"]
[BlackElo "1501"]
[PlyCount "117"]
[EventDate "2019.10.13"]
[WhiteTeam "MĹ K Corvin VeÄľkĂ˝ Meder"]
[BlackTeam "DSC Potôňska veža C"]

1. e4 d5 2. exd5 Qxd5 3. Nc3 Qa5 4. d3 Nf6 5. Nf3 e6 6. Bd2 Be7 7. Ne4 Qa4 8.
Nxf6+ Bxf6 9. c3 Qxd1+ 10. Rxd1 Nc6 11. d4 O-O 12. Bb5 Bd7 13. O-O g6 14. Bh6
Rfe8 15. h3 a6 16. Bd3 b5 17. Be4 Bg7 18. Bxg7 Kxg7 19. Ne5 Nxe5 20. dxe5 Rad8
21. Bb7 Bc8 22. Bc6 Rxd1 23. Rxd1 Rf8 24. b4 f5 25. Kf1 h6 26. Ke2 g5 27. Ke3
Kf7 28. Bd7 Ke7 29. Bxc8 Rxc8 30. f4 gxf4+ 31. Kxf4 Rg8 32. g4 fxg4 33. hxg4
Rf8+ 34. Ke4 Rg8 35. Kf4 Rf8+ 36. Kg3 Rg8 37. Kh4 Rg5 38. Re1 c6 39. Re4 Kd7
40. Rd4+ Ke7 41. Rd6 Rxe5 42. Rxc6 Re3 43. a3 Rd3 44. Kh5 Rh3+ 45. Kg6 Kd7 46.
Rxa6 Rxc3 47. Kxh6 e5 48. Rb6 e4 49. Rxb5 e3 50. Re5 Rxa3 51. g5 Kd6 52. Re8
Kd5 53. g6 Ra6 54. Rxe3 Kc4 55. Re4+ Kb3 56. Rg4 Rb6 57. Kh7 Rb7+ 58. g7 Kb2
59. Kh8 1-0

[Event "4.liga A22 2019/2020"]
[Site "?"]
[Date "2020.06.14"]
[Round "11.5"]
[White "Lelkes, Geza"]
[Black "Kiss, Marton Dezso"]
[Result "0-1"]
[WhiteElo "1442"]
[BlackElo "1471"]
[PlyCount "135"]
[EventDate "2019.10.13"]
[WhiteTeam "DSC Potôňska veža C"]
[BlackTeam "MĹ K Corvin VeÄľkĂ˝ Meder"]

1. e4 e5 2. Nf3 Nc6 3. Bb5 a6 4. Ba4 b5 5. Bb3 Nf6 6. d3 d6 7. Bg5 Be7 8. O-O
Na5 9. a3 Nxb3 10. cxb3 c5 11. h3 O-O 12. Qd2 Bd7 13. Nc3 b4 14. axb4 cxb4 15.
Na4 d5 16. exd5 Nxd5 17. Bxe7 Qxe7 18. Rac1 Nf4 19. Rc4 Rfd8 20. Nb6 Rab8 21.
Nxd7 Rxd7 22. Rd1 Qf6 23. Rcc1 Nxh3+ 24. gxh3 Qxf3 25. Kh2 a5 26. Qe3 Qf5 27.
Rd2 Rbd8 28. Rcd1 Rd4 29. Qg3 Rf4 30. Rg1 g6 31. Rgd1 Rf3 32. Qh4 Rd4 33. Qh6
Rdxd3 34. Rxd3 Rxd3 35. Rxd3 Qxd3 36. Qh4 Qd4 37. Qf6 Qf4+ 38. Qxf4 exf4 39.
Kg2 Kg7 40. Kf3 g5 41. h4 h6 42. Kg4 Kg6 43. h5+ Kf6 44. Kf3 Ke5 45. Kg4 f5+
46. Kf3 g4+ 47. Ke2 Ke4 48. f3+ gxf3+ 49. Kf2 Kd4 50. Kxf3 Ke5 51. Kf2 Ke4 52.
Ke2 f3+ 53. Kf2 f4 54. Kf1 Ke3 55. Ke1 Kd3 56. Kf2 Ke4 57. Kf1 Ke3 58. Ke1 Kd3
59. Kf2 Kc2 60. Kxf3 Kxb2 61. Kxf4 Kxb3 62. Kf5 a4 63. Kg6 a3 64. Kxh6 a2 65.
Kg6 a1=Q 66. h6 Qh1 67. h7 Qxh7+ 68. Kxh7 0-1